000 00418nam a2200157 i 4500
001 59607
003 ES-MaACL
005 20230906164050.0
007 t|
008 031030s1968 sp ||||1| baq d
100 1 _aElustondo, Axintio.
_947119
245 1 0 _aGaztedi berrĂ­a! /
_cAxintio Elustondo.
260 _a[Aizarna :
_bA. Elustondo,
_c1968]
300 _a86 p. ;
_c18 cm.
852 _aES-MaACL
_jC-36843
_bR.66237
999 _c59607
_d59607